Mozart / (Record no. 126320)

MARC details
000 -LEADER
campo de control de longitud fija 00719nam a2200229 4500
001 - NÚMERO DE CONTROL
campo de control 126320
003 - IDENTIFICADOR DE NÚMERO DE CONTROL
campo de control ES-MaACL
005 - FECHA Y HORA DE LA ÚLTIMA TRANSACCIÓN
campo de control 20250913154001.0
007 - CAMPO FIJO DE DESCRIPCIÓN FÍSICA--INFORMACIÓN GENERAL
campo de control de longitud fija t|
008 - DATOS DE LONGITUD FIJA--INFORMACIÓN GENERAL
campo de control de longitud fija 070214s1983 sp r ||||1| spa d
100 1# - ENTRADA PRINCIPAL--NOMBRE DE PERSONA
Nombre de persona Rémy, Yves.
9 (RLIN) 96164
245 10 - MENCIÓN DEL TÍTULO
Título Mozart /
Mención de responsabilidad, etc. Yves Rémy y Ada Rémy ; traducción del francés por Felipe Ximénez de Sandoval.
250 ## - MENCION DE EDICION
Mención de edición 4ª ed.
260 ## - PUBLICACIÓN, DISTRIBUCIÓN, ETC.
Lugar de publicación, distribución, etc. Madrid :
Nombre del editor, distribuidor, etc. Espasa-Calpe,
Fecha de publicación, distribución, etc. 1983.
300 ## - DESCRIPCIÓN FÍSICA
Extensión 131 p. :
Otras características físicas il. ;
Dimensiones 18 cm.
490 1# - MENCIÓN DE SERIE
Mención de serie Clásicos de la música
700 1# - ENTRADA AGREGADA--NOMBRE PERSONAL
Nombre de persona Rémy, Ada.
9 (RLIN) 96158
700 1# - ENTRADA AGREGADA--NOMBRE PERSONAL
Nombre de persona Ximénez de Sandoval, Felipe,
Fechas asociadas al nombre 1903-1978
9 (RLIN) 117510
830 0# - PUNTO DE ACCESO ADICIONAL DE SERIE-TÍTULO UNIFORME
Título uniforme Clásicos de la música
9 (RLIN) 181484
852 ## - LOCALIZACIÓN
Ubicación ES-MaACL
Número de control de estantería L-4040
Sublocalización o colección R.104959
Holdings
Estatus retirado Estado de pérdida Estado de daño No para préstamo Biblioteca de origen Biblioteca actual Ubicación en estantería Fecha de adquisición Fuente de adquisición Total de préstamos Signatura topográfica completa Código de barras Visto por última vez Precio de reemplazo Tipo de ítem Koha
        Biblioteca del Ateneo de Madrid Biblioteca del Ateneo de Madrid Depósito 2 17/01/2008     L-4040 1131570 23/02/2023 23/02/2023 Libro impreso